书目信息 |
| 题名: |
欧姆定律
|
|
| 作者: | 斯勤 著 | |
| 分册: | ||
| 出版信息: | 上海 上海教育出版社 1979 |
|
| 页数: | 131页 | |
| 开本: | 19cm | |
| 丛书名: | ||
| 单 册: | ||
| 中图分类: | O441.1 | |
| 科图分类: | ||
| 主题词: | 电学-定律 , 定律-电学 | |
| 电子资源: | ||
| ISBN: | ||
| 000 | 00533nam0 2200217 45 | |
| 001 | 0179000832 | |
| 005 | 20060921094240.68 | |
| 010 | @dCNY0.34 | |
| 100 | @a19950726d1979 em y0chiy0121 ea | |
| 101 | 0 | @achi |
| 102 | @aCN@b310000 | |
| 105 | @ay z 000yy | |
| 200 | 10 | @a欧姆定律@Aou mu ding lv@f斯勤著 |
| 210 | @a上海@c上海教育出版社@d1979 | |
| 215 | @a131页@d19cm | |
| 606 | @a电学-定律 | |
| 606 | @a定律-电学 | |
| 690 | @aO441.1@v3 | |
| 701 | 0 | @a斯勤@Asi qin@4著 |
| 801 | 0 | @aCN@bTSSF@c20060921 |
| 905 | @a10447@dO441.1@e103 | |
| 欧姆定律/斯勤著.-上海:上海教育出版社,1979 |
| 131页;19cm |
| ISBN :CNY0.34 |
| ● |
| 相关链接 |
|
|
|
|
正题名:欧姆定律
索取号:O441.1/103
 
预约/预借
| 序号 | 登录号 | 条形码 | 馆藏地/架位号 | 状态 | 备注 |
| 1 | 0422529 | 204225294 | 密集书库/ [索取号:O441.1/103] | 在馆 | |
| 2 | 0433834 | 204338341 | 密集书库/ [索取号:O441.1/103] | 在馆 | |
| 3 | 0433835 | 204338350 | 密集书库/ [索取号:O441.1/103] | 在馆 | |
| 4 | 0433836 | 204338369 | 密集书库/ [索取号:O441.1/103] | 在馆 | |
| 5 | 0468461 | 204684617 | 密集书库/ [索取号:O441.1/103] | 在馆 |